A study in the theory of inflation

Enregistré dans:
Détails bibliographiques
Auteur principal: Hansen, Bent (Auteur)
Format: Livre
Langue:anglais
Publié: Londres George Allen & Unwin 1951
Collection:Library of Economics, New Works, 4
Sujets:
Tags: Ajouter un tag
Pas de tags, Soyez le premier à ajouter un tag!

MARC

LEADER 00000nam a2200000 a 4500
001 UCR7938
003 CL-VaPUC
008 980519e19510000UK |||||||||||||||||eng|d
082 0 4 |a 332.41  |b HAN  |2 21 
100 0 |a Hansen, Bent  |e author  |9 409490 
245 1 2 |a A study in the theory of inflation 
300 |a 262 p 
942 |c BK 
945 |d 19980519 00:00:00  |a crobeson 
260 |a Londres  |b George Allen & Unwin  |c 1951 
650 0 |a Inflación   |9 257218 
650 7 |a TEORIA MONETARIA  |2 CL-VaPUC  |9 375788 
650 0 |a Economía   |9 255568 
583 |a last modification  |c 19980519 00:00:00  |k Rodrigo Vera 
490 0 |a Library of Economics, New Works, 4 
999 |c 269513  |d 269511 
952 |0 0  |1 0  |4 0  |6 332_410000000000000_HAN_1951  |7 0  |8 A  |9 303267  |a BIBENE  |b BIBENE  |d 2019-11-20  |i 1999990  |o 332.41 HAN 1951  |p 1999990  |r 2025-01-15  |w 2019-11-20  |y BK  |k ICO